|
|
|
|
| LEADER |
00000nam a2200000 a 4500 |
| 001 |
vtls010281578 |
| 003 |
SK-MaSNL |
| 005 |
20260416140712.0 |
| 008 |
180809s2011 xo dl e p 000 0 slo |
| 015 |
|
|
|a SNBA2011/08-04646
|
| 020 |
|
|
|a 9788022329910
|q (brož.)
|
| 035 |
|
|
|a B238D955-B5F3-4897-9C09-51F815FBFEDB
|
| 035 |
|
|
|a urn:nbn:sk:snk-amjxfz
|
| 035 |
|
|
|a urn:nbn:sk:snk-am0085x6
|
| 040 |
|
|
|a SNK
|b slo
|c SNK
|e AACR2
|
| 041 |
0 |
|
|a slo
|
| 044 |
|
|
|a xo
|c SK
|
| 072 |
|
7 |
|a 61
|x Lekárske vedy. Medicína
|2 konspekt
|
| 080 |
|
|
|a 61:577.1
|2 2001
|
| 080 |
|
|
|a (075.8)
|2 2001
|
| 080 |
|
|
|a (076.5)
|2 2001
|
| 245 |
0 |
0 |
|a Lekárska biochémia
|b seminárna a praktická časť
|c kolektív autorov
|
| 250 |
|
|
|a 4. vyd.
|
| 260 |
|
|
|a Bratislava
|b Univerzita Komenského
|c 2011
|
| 300 |
|
|
|a 168 s.
|b grafy, sch., tab.
|c 29 cm
|
| 300 |
|
|
|e 600 výt.
|
| 504 |
|
|
|a Bibliogr. s. 168
|
| 650 |
0 |
7 |
|a lekárska biochémia
|2 SNKPH
|9 66646
|
| 650 |
0 |
7 |
|a Medical biochemistry
|2 SNKPHeng
|9 327913
|
| 655 |
|
7 |
|a praktické cvičenia
|2 SNKPH
|9 70517
|
| 655 |
|
7 |
|a učebnice vysokých škôl
|2 SNKPH
|9 70191
|
| 655 |
|
7 |
|a Problems, exercises, etc.
|2 SNKPHeng
|9 278342
|
| 655 |
|
7 |
|a Textbooks (higher)
|2 SNKPHeng
|9 276436
|
| 700 |
1 |
|
|a Brechtlová, Marta,
|d 1941-
|4 aut
|9 1637106
|
| 700 |
1 |
|
|a Halčák, Lukáč,
|d 1938-
|4 aut
|9 111508
|
| 700 |
1 |
|
|a Liška, Stanislav
|4 aut
|9 291941
|
| 700 |
1 |
|
|a Rendeková, Viera,
|d 1952-
|4 aut
|9 1637056
|
| 700 |
1 |
|
|a Turecký, Ladislav,
|d 1953-
|4 aut
|9 201341
|
| 700 |
1 |
|
|a Uhlíková, Eva,
|d 1947-
|4 aut
|9 1637121
|
| 852 |
|
|
|a Štátna vedecká knižnica v Banskej Bystrici
|
| 919 |
|
|
|a 978-80-223-2991-0
|
| 958 |
|
|
|a OND
|
| 958 |
|
|
|a NB
|
| 958 |
|
|
|a MI
|
| 968 |
|
|
|d 61
|
| 999 |
|
|
|c 577327
|d 579257
|
| 952 |
|
|
|a SNK
|b SNK
|y PREZ
|7 0
|p 17A0704803
|o snkSB 81638
|i snk2011/13703
|8 0
|0 0
|1 0
|4 0
|d 2011-06-15
|f 1
|l 0
|r 2025-05-05 00:00:00
|w 2026-02-23
|
| 952 |
|
|
|a SNK
|b SNK
|y VYP
|7 0
|p 17A0704804
|o snkSB 81638 D1
|i snk2011/13704
|8 0
|0 0
|1 0
|4 0
|d 2011-06-15
|l 0
|r 2016-06-30 00:00:00
|w 2026-02-23
|